000 00781nam a22002415a 4500
008 150913r20142011ii a fr 001 0 eng d
020 _a9788189757175
020 _a8189757172
040 _aEG-ScBUE
_beng
_cEG-ScBUE
082 0 4 _a005.453
_bPAN
_222
100 1 _aPandey, Adesh Kumar.
_938414
245 1 0 _aFundamentals of compiler design /
_cby Adesh Kumar Pandey.
250 _32nd ed., Reprint ed.
260 _aNew Delhi :
_bS. K. Kataria & Sons,
_c2014.
300 _a586 p. :
_bill. ;
_c24 cm.
500 _aIndex : p. 581-586.
500 _aReprinted of 2011 ed.
650 7 _aComputer software
_xDevelopment.
_2BUEsh
_911535
650 7 _aCompilers (Computer programs)
_2BUEsh
_913036
651 _2BUEsh
653 _bCOMSCI
_cSeptember2015
942 _2ddc
_k005.453 PAN
999 _c20856
_d20828